000 02541ncm0a2200457 4500
001 RU\NLR\ONIZ\263911
005 20260215045203.0
035 _a(NLR Aleph) 022722171
071 2 0 _a1669
090 _a13550358
_c13550358
100 _a20260215 rusy50
101 0 _afre
102 _aRU
125 _az|
128 _armz
145 0 _ab
200 1 _aEn absence
_bНоты
_enocturne
_epour le piano
_eop. 67 № 1
_fB. Richards
210 _aSt. Pétersbourg
_cchez A. Johansen
_aMoscou
_cchez A. Gutheil
_d[1884-1891]
215 _a5 с.
_cил.
_d33 см
225 1 _aDeuxième recueil de compositions célèbres pour le piano
_v№ 142
300 _aЗагл. перед нот. текстом: Absence. Romance
313 _aСистематизация документа проведена по изданию - Методика классифицирования музыкальных произведений (нотных изданий) по таблицам Библиотечно-библиографических классификаций : метод. рекомендации / Гос. б-ка СССР им. В.И. Ленина.- М., 1977. Индексу ББК методических рекомендаций присваивается код ББК для научных библиотек - LBC/SL
500 0 0 _aВ разлуке
_bНоты
_sOp. 67 № 1
_lРомансе
_uEs-dur
_rФортепиано
514 1 _aAbsence. Romance
606 1 _aФортепианная музыка английская
_z19 в.
_jНоты
_2nlr_sh
606 1 _aФортепианная музыка валлийская
_z19 в.
_jНоты
_2nlr_sh
606 1 _aМузыкальные произведения для фортепиано
_yВеликобритания
_z19 в.
_jНоты
_2nlr_sh
606 1 _aРомансы инструментальные
_yВеликобритания
_z19-20 вв.
_jНоты
_2nlr_sh
606 1 _aРомансы для фортепиано
_yВеликобритания
_z19-20 вв.
_jНоты
_2nlr_sh
620 _dМосква
_2nlr_sh1
686 0 _aЩ954.2-058.3(4Вл)
700 1 _9z02790
_aРичардс
_bГ. Б.
_f1817-1885
_gГенри Бринли
_4230
_7ca
790 1 _9z02700
_aRichards
_bH. B.
_f1817-1885
_gHenry Brinley
_4230
_7ba
801 0 _aRU
_bNLR
_c20210511
_gPSBO
801 1 _aRU
_bNLR
_c20210511
_2rusmarc
801 2 _aRU
_bNLR
_c20220607
852 _aNLR
_gМ
_jК-4/5275
_m269766
_t1
942 _cSCORE
980 _aONIZ
980 _aNB